00648nam a2200181 i 450000100060000000300090000600500170001500700030003200800410003510000290007624500950010526000390020030000210023970000350026085200320029599900170032795201220034455712ES-MaACL20230906163213.0t|030925s1970 sp ||||1| spa d1 aDeutscher, Isaac.94398414aLas raíces de la burocracia / cIsaac Deutscher ; [traducción, José Cano Tembleque]. a[Barcelona] : bAnagrama, c[1970] a57 p. ; c18 cm.1 aCano Tembleque, José.934572 aES-MaACLjC-42528 bR.73610 c55712d55712 00104070aATENEOMbATENEOMcDEPO2d2008-01-17eSCl0oC-42528p1058525r2023-02-23 00:00:00w2023-02-23yMONOGRAFIA